Administración de recursos humanos / R. Wayne Mondy (Registro nro. 1310)

Detalles MARC
000 -LEADER
fixed length control field 00568nam a22002171a 4500
001 - CONTROL NUMBER
control field 1310
003 - CONTROL NUMBER IDENTIFIER
control field OSt
005 - DATE AND TIME OF LATEST TRANSACTION
control field 20260204211729.0
008 - FIXED-LENGTH DATA ELEMENTS--GENERAL INFORMATION
fixed length control field 040119s1998||||xx ||||||b||||||||||spa||
020 ## - NUMERO DE LIBRO INTERNACIONAL NORMALIZADO
International Standard Book Number 9688809497
050 ## - LIBRARY OF CONGRESS CALL NUMBER
Classification number 658.3 M714a
082 ## - DEWEY DECIMAL CLASSIFICATION NUMBER
Classification number 658.3 M714a
100 ## - ASIENTO PRINCIPAL -- NOMBRE PERSONAL
Personal name Mondy, R. Wayne
245 ## - TÍTULO PROPIAMENTE DICHO: SUBTÍTULO
Title Administración de recursos humanos / R. Wayne Mondy
250 ## - MENCIÓN DE EDICIÓN
Edition statement 6
264 ## - PRODUCTION, PUBLICATION, DISTRIBUTION, MANUFACTURE, AND COPYRIGHT NOTICE
Place of production, publication, distribution, manufacture Sin lugar, desconocido o indeterminado : Hispanoamericana
300 ## - PHYSICAL DESCRIPTION
Extensión 663 p
650 ## - ASIENTO SECUNDARIO DE MATERIA -- TERMINO TEMÁTICO
Termino Temático Como Elemento de Entrada 1.Administración de Personal
700 ## - ASIENTO SECUNDARIO -- NOMBRE PERSONAL
Personal name Noe Robert M.Ì
942 ## - ADDED ENTRY ELEMENTS (KOHA)
Source of classification or shelving scheme Dewey Decimal Classification
Koha item type Libros
Existencias
Withdrawn status Lost status Source of classification or shelving scheme Damaged status Not for loan Current library Date acquired Total Checkouts Full call number Barcode Date last seen Price effective from Koha item type
    Dewey Decimal Classification     Biblioteca UTECO 09/09/2019   658.3 M714A 003083 09/09/2019 09/09/2019 Libros
    Dewey Decimal Classification     Biblioteca UTECO 09/09/2019   658.3 M714A 003084 09/09/2019 09/09/2019 Libros
    Dewey Decimal Classification     Biblioteca UTECO 09/09/2019   658.3 M714A 003085 09/09/2019 09/09/2019 Libros
© 2021 Derechos Reservados UTECO - Teléfono: +1 809-585-2291 - Correo electrónico: biblioteca@uteco.edu.do​  
Código postal 43000 ​​
Dirección: Avenida Universitaria No. 100, 
Cotuí, Provincia Sánchez Ramírez, República Dominicana - RNC: 404-00059-6